Name a Eurovision 2025 Song A-Z - Statistics

General Stats
  • This quiz has been taken 388 times
  • The average score is 16 of 20
Answer Stats
Song % Correct
B Baller | Bara bada bastu | Bird of Pray | Bur man laimi
96%
L Laika Party | La poupée monte le son | Lighter
89%
M maman | Mila | Milkshake Man
89%
S Serving | Shh | Strobe Lights | Survivor
89%
W Wasted Love | What The Hell Just Happened?
88%
E Esa diva | Espresso Macchiato
86%
H Hallucination | How Much Time Do We Have Left
86%
R Róa | Run With U
84%
I Ich Komme
79%
T Tavo akys | Tutta L'Italia
77%
Z Zjerm
77%
V Volevo essere un duro | Voyage
76%
A Asteromata
74%
C C'est la vie
73%
D Deslocado | Dobrodošli
70%
G Gaja
70%
P Poison Cake
67%
F Freedom
64%
N New Day Will Rise
61%
K Kiss Kiss Goodbye
57%
No matching quizzes found
Score Distribution
Percent of People with Each Score
Percentile by Number Answered
Your Score History
You have not taken this quiz